00607nam a2200169 i 450000100060000000300090000600500170001500700030003200800410003510000440007624501120012026000440023230000200027650500930029665000250038985200230041430466ES-MaACL20251011063055.0t|030124s1851 fr ||||1| fre d1 aBarthélémy, Anatole de, d1821-190410aNouveau manuel complet de numismatique ancienne : ouvrage orné d'un atlas... / cpar J.B.A.A. Barthelemy. aParís : b[s.n.], c1851 (fCrapelet) a3 v. ; c15 cm.8 aContiene: I: Numismatique ancienne. II: Numismatique du moyen age et moderne. III: Atlas 7aNumismática2embne aES-MaACLjF-916-18